[Event "Aut_2. Bundesliga Ost 2005/06"]
[Site "?"]
[Date "2005.11.20"]
[Round "4.2"]
[White "Brod, Manfred"]
[Black "Neulinger, Manfred"]
[Result "1-0"]
[WhiteElo "2266"]
[BlackElo "2323"]
[PlyCount "65"]
[EventDate "2005.10.08"]

1. e4 c6 2. d4 d5 3. Nc3 dxe4 4. Nxe4 Nf6 5. Nxf6+ gxf6 6. c3 Bf5 7. Nf3 Nd7 8.
g3 Bg6 9. Bg2 Bg7 10. O-O O-O 11. c4 e5 12. Be3 Qa5 13. a3 Rad8 14. b4 Qa6 15.
Qb3 b5 16. c5 e4 17. Nh4 f5 18. Bh3 Nb8 19. Bxf5 Bxd4 20. Bxd4 Rxd4 21. Bxg6
hxg6 22. Nxg6 Rfd8 23. Ne7+ Kf8 24. Nf5 R4d5 25. g4 Nd7 26. Qh3 Rxf5 27. gxf5
Ke7 28. Qh4+ Nf6 29. Rfe1 Rg8+ 30. Kh1 Rg4 31. Qh8 Qa4 32. Rad1 Rg8 33. Rxe4+
1-0

[Event "Aut_2. Bundesliga Ost 2005/06"]
[Site "?"]
[Date "2005.11.20"]
[Round "4.2"]
[White "Posch, Werner"]
[Black "Riedner, Martin"]
[Result "1-0"]
[WhiteElo "2250"]
[BlackElo "2233"]
[PlyCount "99"]
[EventDate "2005.10.08"]

1. e4 e6 2. d3 d5 3. Nd2 Nf6 4. Ngf3 b6 5. c3 c5 6. Be2 Be7 7. Qa4+ Qd7 8. Qc2
Qc7 9. O-O O-O 10. Re1 Nc6 11. Nf1 h6 12. Ng3 Bb7 13. Bf1 dxe4 14. dxe4 Bd6 15.
Qe2 Ne5 16. Nxe5 Bxe5 17. Qc2 Rfd8 18. a4 a6 19. b3 Rd7 20. Ra2 Rad8 21. Bc4
Bxg3 22. hxg3 Bxe4 23. Qe2 Bd3 24. Bxd3 Rxd3 25. Bf4 Qd7 26. Rc2 Rd1 27. Kf1
Rxe1+ 28. Kxe1 Qd3 29. Bc7 Qxe2+ 30. Kxe2 Rd5 31. c4 Rf5 32. f3 h5 33. Bxb6 Kf8
34. Rd2 Ke7 35. Bd8+ Ke8 36. Bxf6 Rxf6 37. Rd6 e5 38. Rd5 Re6 39. Rxc5 f6 40.
b4 Kd7 41. Rd5+ Kc7 42. Ke3 f5 43. b5 axb5 44. axb5 g6 45. c5 e4 46. f4 Rf6 47.
Re5 Kd7 48. Kd4 Rf8 49. Kd5 Ra8 50. c6+ 1-0

[Event "Aut_2. Bundesliga Ost 2005/06"]
[Site "?"]
[Date "2005.11.20"]
[Round "4.2"]
[White "Todor, Razvan"]
[Black "Savio, Alfred"]
[Result "1/2-1/2"]
[WhiteElo "2181"]
[BlackElo "2036"]
[PlyCount "42"]
[EventDate "2005.10.08"]

1. d4 d5 2. Nf3 Nf6 3. e3 c6 4. c4 Bf5 5. cxd5 cxd5 6. Qb3 Qb6 7. Bb5+ Bd7 8.
Nc3 e6 9. Bd2 Bxb5 10. Qxb5+ Nc6 11. Ne5 Qxb5 12. Nxb5 Rc8 13. Rc1 a6 14. Nxc6
axb5 15. Na7 Rxc1+ 16. Bxc1 b4 17. Bd2 Kd7 18. Ke2 Be7 19. Nb5 Ra8 20. Ra1 Ra4
21. a3 Ne4 1/2-1/2

[Event "Aut_2. Bundesliga Ost 2005/06"]
[Site "?"]
[Date "2005.11.20"]
[Round "4.3"]
[White "Dudas, Jan"]
[Black "Neumeier, Klaus"]
[Result "1/2-1/2"]
[WhiteElo "2287"]
[BlackElo "2275"]
[PlyCount "20"]
[EventDate "2005.10.08"]

1. c4 g6 2. g3 Bg7 3. Bg2 d6 4. Nc3 e5 5. d3 Nc6 6. Rb1 a5 7. a3 Nf6 8. b4 axb4
9. axb4 O-O 10. b5 Nd4 1/2-1/2

[Event "Aut_2. Bundesliga Ost 2005/06"]
[Site "?"]
[Date "2005.11.20"]
[Round "4.3"]
[White "Weissenbeck, Manuel"]
[Black "Dueckstein, Andreas"]
[Result "1-0"]
[WhiteElo "2278"]
[BlackElo "2290"]
[PlyCount "47"]
[EventDate "2005.10.08"]

1. d4 d5 2. Nf3 Nc6 3. Bf4 Bf5 4. e3 e6 5. Bd3 Bd6 6. Bxf5 exf5 7. O-O Nge7 8.
Bxd6 Qxd6 9. Nbd2 Nd8 10. c4 c6 11. c5 Qh6 12. b4 a6 13. a4 O-O 14. b5 axb5 15.
axb5 Ne6 16. Qb3 Ng5 17. Nxg5 Qxg5 18. bxc6 bxc6 19. Nf3 Qf6 20. Rxa8 Rxa8 21.
Qb7 Rc8 22. Ra1 Qe6 23. Ng5 Qf6 24. Ra8 1-0

[Event "Aut_2. Bundesliga Ost 2005/06"]
[Site "?"]
[Date "2005.11.20"]
[Round "4.3"]
[White "Pachta, Paul"]
[Black "Hechl, Gerald"]
[Result "0-1"]
[WhiteElo "2188"]
[BlackElo "2215"]
[PlyCount "64"]
[EventDate "2005.10.08"]

1. d4 e6 2. c4 b6 3. Nf3 Bb7 4. Nbd2 Nf6 5. Qc2 c5 6. e4 cxd4 7. e5 Ng4 8. h3
Nh6 9. Nxd4 Nc6 10. N2f3 Nxd4 11. Nxd4 Qh4 12. Nb5 Bb4+ 13. Bd2 Bxd2+ 14. Qxd2
O-O 15. Nd6 Bc6 16. Bd3 Qh5 17. O-O Qxe5 18. Rae1 Qh5 19. b4 Rad8 20. Re3 f5
21. Bc2 f4 22. Ra3 Bxg2 23. Kxg2 f3+ 24. Kh2 Ng4+ 25. Kg3 Qe5+ 26. Kxg4 h5+ 27.
Kh4 Rf4+ 28. Qxf4 Qxf4+ 29. Kxh5 Qxd6 30. Rxf3 Rf8 31. Rd1 Qe5+ 32. Kg4 Qe2 0-1

[Event "Aut_2. Bundesliga Ost 2005/06"]
[Site "?"]
[Date "2005.11.20"]
[Round "4.3"]
[White "Pichler, Michael"]
[Black "Kirschner, Alexander"]
[Result "1/2-1/2"]
[WhiteElo "2185"]
[BlackElo "2201"]
[PlyCount "101"]
[EventDate "2005.10.08"]

1. e4 e6 2. Nc3 d5 3. d4 Bb4 4. e5 c5 5. a3 Ba5 6. b4 cxd4 7. Nb5 Bc7 8. f4 a5
9. Bd2 Nh6 10. Bd3 O-O 11. Qh5 Bd7 12. Nxc7 Qxc7 13. Nf3 Be8 14. Qh3 f5 15.
exf6 Rxf6 16. g4 Rxf4 17. g5 Nf5 18. Bxf4 Qxf4 19. Bxf5 exf5 20. O-O Bb5 21.
Rfe1 axb4 22. Qg3 Qxg3+ 23. hxg3 bxa3 24. Nxd4 Bd7 25. Re3 Nc6 26. Nxc6 Bxc6
27. Raxa3 Rxa3 28. Rxa3 Kf7 29. Ra8 Kg6 30. Rg8 d4 31. Rd8 Kxg5 32. Rxd4 h5 33.
Rh4 Be4 34. c3 Kh6 35. Kf2 g5 36. Rh3 f4 37. gxf4 gxf4 38. c4 Kg5 39. Ra3 h4
40. Ra8 h3 41. Rg8+ Kf5 42. Rf8+ Ke5 43. Re8+ Kd4 44. Rh8 Bg2 45. Rh4 Kxc4 46.
Rxf4+ Kc3 47. Rf5 Kb4 48. Rh5 b5 49. Ke3 Kc4 50. Kd2 b4 51. Kc2 1/2-1/2

[Event "Aut_2. Bundesliga Ost 2005/06"]
[Site "?"]
[Date "2005.11.20"]
[Round "4.4"]
[White "Zsifkovits, Robert"]
[Black "Miniboeck, Guenter"]
[Result "0-1"]
[WhiteElo "2224"]
[BlackElo "2351"]
[PlyCount "44"]
[EventDate "2005.10.08"]

1. e4 c5 2. Nf3 d6 3. d4 cxd4 4. Nxd4 Nf6 5. Nc3 a6 6. Bg5 e6 7. f4 Nbd7 8. Qf3
Qc7 9. O-O-O b5 10. Bd3 Bb7 11. Rhe1 O-O-O 12. f5 e5 13. Nb3 Be7 14. Be3 Nc5
15. Kb1 Kb8 16. g4 h6 17. h3 b4 18. Nxc5 dxc5 19. Na4 c4 20. Qf2 Bc6 21. Bb6
Qb7 22. Nc5 Qxb6 0-1

[Event "Aut_2. Bundesliga Ost 2005/06"]
[Site "?"]
[Date "2005.11.20"]
[Round "4.4"]
[White "Schneider-Zinner, Harald"]
[Black "Wallner, Alfred"]
[Result "1-0"]
[WhiteElo "2365"]
[BlackElo "2246"]
[PlyCount "107"]
[EventDate "2005.10.08"]

1. e4 c5 2. Nf3 d6 3. c3 Nf6 4. Be2 g6 5. O-O Bg7 6. Bb5+ Nbd7 7. Re1 O-O 8. d4
e5 9. Bg5 Qb6 10. Na3 exd4 11. cxd4 cxd4 12. Bxd7 Nxd7 13. Nc4 Qa6 14. b3 Ne5
15. Nxd4 Nxc4 16. bxc4 Qxc4 17. Nb3 Qe6 18. Rc1 Re8 19. Rc2 h6 20. Bf4 d5 21.
e5 Qg4 22. Qd2 g5 23. Bg3 Be6 24. Nd4 Rac8 25. Rb2 Re7 26. h3 Qh5 27. Nb5 b6
28. Nd6 Rc5 29. f3 Qg6 30. Bf2 Rc6 31. Nb5 h5 32. a4 Rc4 33. a5 g4 34. hxg4
hxg4 35. Bh4 Bh6 36. Qf2 Rd7 37. Nd6 Rc6 38. axb6 axb6 39. f4 Bf5 40. Rxb6 Rxb6
41. Qxb6 Be4 42. Qb8+ Kh7 43. Bf6 Qg8 44. Qxg8+ Kxg8 45. Nxe4 dxe4 46. Kf2 Bg7
47. Bxg7 Kxg7 48. f5 Kh6 49. Ke3 Kg5 50. Kxe4 Ra7 51. e6 fxe6 52. fxe6 Ra4+ 53.
Kd5 Ra5+ 54. Kc6 1-0

[Event "Aut_2. Bundesliga Ost 2005/06"]
[Site "?"]
[Date "2005.11.20"]
[Round "4.4"]
[White "Kreindl, Helmut"]
[Black "Sulyok, Michael"]
[Result "1/2-1/2"]
[WhiteElo "2233"]
[BlackElo "2205"]
[PlyCount "22"]
[EventDate "2005.10.08"]

1. d4 f5 2. Nf3 Nf6 3. Bg5 e6 4. Nbd2 Be7 5. Bxf6 Bxf6 6. e4 d5 7. e5 Be7 8. c3
b6 9. Bd3 c5 10. O-O O-O 11. Qe2 Nc6 1/2-1/2

[Event "Aut_2. Bundesliga Ost 2005/06"]
[Site "?"]
[Date "2005.11.20"]
[Round "4.4"]
[White "Petschar, Hans"]
[Black "Filip, Daniel"]
[Result "0-1"]
[WhiteElo "2100"]
[BlackElo "2061"]
[PlyCount "82"]
[EventDate "2005.10.08"]

1. c4 Nf6 2. Nc3 e6 3. e4 d6 4. d4 Nbd7 5. Nf3 c5 6. d5 a6 7. dxe6 fxe6 8. Be2
Be7 9. O-O O-O 10. h3 Nh5 11. Ng5 Bxg5 12. Bxh5 Bxc1 13. Rxc1 Ne5 14. Be2 Nc6
15. f4 Nd4 16. Bd3 Qh4 17. Qg4 Qh6 18. Rce1 e5 19. f5 Bd7 20. Rf2 Kh8 21. h4
Bc6 22. Qg5 Qf6 23. g4 Qf7 24. Ref1 b5 25. b3 Qb7 26. Qe3 Rf7 27. g5 Raf8 28.
h5 Qd7 29. Rh2 Qe7 30. g6 Rf6 31. h6 hxg6 32. hxg7+ Kxg7 33. Qg5 Rg8 34. Kg2
Kf8 35. Qxf6+ Qxf6 36. fxg6 Rxg6+ 37. Kh1 Nf3 38. Rh3 Rh6 39. Rxh6 Qxh6+ 40.
Kg2 Qd2+ 41. Rf2 Qxc3 0-1

[Event "Aut_2. Bundesliga Ost 2005/06"]
[Site "?"]
[Date "2005.11.20"]
[Round "4.5"]
[White "Ranits, Franz"]
[Black "Vyskocil, Neklan"]
[Result "0-1"]
[WhiteElo "2260"]
[BlackElo "2318"]
[PlyCount "84"]
[EventDate "2005.10.08"]

1. e4 c5 2. c3 d5 3. exd5 Qxd5 4. d4 g6 5. Nf3 Bg7 6. Na3 cxd4 7. Bc4 Qe4+ 8.
Be3 Nh6 9. Nb5 O-O 10. cxd4 Nc6 11. O-O Nf5 12. Qd2 Nxe3 13. fxe3 Qg4 14. Rae1
a6 15. Nc3 b5 16. Be2 Qd7 17. Rc1 Bb7 18. Ne4 Nxd4 19. Rfd1 Bxe4 20. Nxd4 Rac8
21. a4 Rxc1 22. Rxc1 bxa4 23. Bxa6 Rd8 24. Rd1 Qd5 25. Bb5 e5 26. Bc6 Qxc6 27.
Nxc6 Rxd2 28. Ne7+ Kf8 29. Nxg6+ hxg6 30. Rxd2 Ke7 31. Kf2 Ke6 32. Kg3 Bd5 33.
Kf2 e4 34. g3 Kd6 35. Ke2 Kc5 36. Kd1 Bc4 37. Rf2 Kb4 38. Kc2 f5 39. Rf4 Bh6
40. Rh4 Bxe3 41. Rh7 Bb3+ 42. Kb1 Bd2 0-1

[Event "Aut_2. Bundesliga Ost 2005/06"]
[Site "?"]
[Date "2005.11.20"]
[Round "4.5"]
[White "Holemar, David"]
[Black "Stranz, Richard"]
[Result "1/2-1/2"]
[WhiteElo "2287"]
[BlackElo "2234"]
[PlyCount "32"]
[EventDate "2005.10.08"]

1. d4 d5 2. c4 dxc4 3. e3 c5 4. Bxc4 cxd4 5. exd4 Qc7 6. Bb3 Bg4 7. f3 Bd7 8.
Ne2 e6 9. Bf4 Bd6 10. Bxd6 Qxd6 11. Nbc3 Nf6 12. O-O O-O 13. d5 exd5 14. Nxd5
Bc6 15. Nxf6+ Qxf6 16. Qd4 Nd7 1/2-1/2

[Event "Aut_2. Bundesliga Ost 2005/06"]
[Site "?"]
[Date "2005.11.20"]
[Round "4.5"]
[White "Kocsisek, Marcus"]
[Black "Zwettler, Martin"]
[Result "1/2-1/2"]
[WhiteElo "2209"]
[BlackElo "2218"]
[PlyCount "53"]
[EventDate "2005.10.08"]

1. d4 e6 2. Nf3 Nf6 3. e3 c5 4. Bd3 b6 5. O-O Be7 6. Nbd2 O-O 7. b3 Ba6 8. c4
Nc6 9. Bb2 cxd4 10. exd4 d5 11. Rc1 Rc8 12. Qe2 Nb4 13. Bb1 dxc4 14. bxc4 Qc7
15. Ne5 Nc6 16. Rfd1 Nxe5 17. dxe5 Nd7 18. Qh5 g6 19. Qh6 Rfd8 20. Ne4 Bf8 21.
Qh4 Bg7 22. Nd6 Nxe5 23. Nxc8 Rxc8 24. Bxe5 Bxe5 25. Bd3 Kg7 26. Bf1 Bb7 27. f3
1/2-1/2

[Event "Aut_2. Bundesliga Ost 2005/06"]
[Site "?"]
[Date "2005.11.20"]
[Round "4.6"]
[White "Polak, Tomas"]
[Black "Tibensky, Robert"]
[Result "1-0"]
[WhiteElo "2499"]
[BlackElo "2432"]
[PlyCount "69"]
[EventDate "2005.10.08"]

1. d4 Nf6 2. c4 g6 3. Nc3 Bg7 4. e4 d6 5. Nf3 O-O 6. h3 c5 7. d5 b5 8. cxb5 a6
9. a4 axb5 10. Bxb5 Ba6 11. Bg5 h6 12. Bd2 Ne8 13. O-O Nc7 14. Qc2 Kh7 15. Rfb1
e6 16. dxe6 fxe6 17. Re1 Nd7 18. Qd3 Ne5 19. Nxe5 Bxe5 20. f4 Bg7 21. Be3 Qe7
22. Rad1 Rfd8 23. f5 Be5 24. Rf1 Bxb5 25. axb5 Rdb8 26. fxg6+ Kxg6 27. Bf4 Bd4+
28. Kh2 e5 29. Bc1 Kh7 30. Rf5 Rf8 31. Rdf1 Rxf5 32. Rxf5 Rf8 33. Qf3 Rxf5 34.
Qxf5+ Kg7 35. b6 1-0

[Event "Aut_2. Bundesliga Ost 2005/06"]
[Site "?"]
[Date "2005.11.20"]
[Round "4.6"]
[White "Banas, Jan"]
[Black "Chytilek, Roman"]
[Result "1/2-1/2"]
[WhiteElo "2374"]
[BlackElo "2400"]
[PlyCount "29"]
[EventDate "2005.10.08"]

1. Nf3 Nc6 2. e4 d5 3. exd5 Qxd5 4. Nc3 Qa5 5. Bb5 Bd7 6. O-O O-O-O 7. Re1 a6
8. Ba4 Qh5 9. Qe2 e6 10. d3 Nge7 11. Ne4 h6 12. Bd2 Nf5 13. Ng3 Nxg3 14. hxg3
Qg4 15. Qe4 1/2-1/2

[Event "Aut_2. Bundesliga Ost 2005/06"]
[Site "?"]
[Date "2005.11.20"]
[Round "4.6"]
[White "Groetz, Harald"]
[Black "Brustkern, Juergen"]
[Result "1-0"]
[WhiteElo "2325"]
[BlackElo "2236"]
[PlyCount "99"]
[EventDate "2005.10.08"]

1. e4 c5 2. Nf3 Nc6 3. d4 cxd4 4. Nxd4 Nf6 5. Nc3 e5 6. Ndb5 d6 7. Bg5 a6 8.
Na3 b5 9. Nd5 Be7 10. Bxf6 Bxf6 11. c3 Ne7 12. Nxf6+ gxf6 13. Qd2 Bb7 14. O-O-O
d5 15. exd5 Qxd5 16. Nc2 O-O-O 17. Qxd5 Rxd5 18. Rxd5 Nxd5 19. c4 bxc4 20. Bxc4
Nf4 21. Ne3 a5 22. Rd1 Rd8 23. g3 Nh3 24. Rf1 Rd7 25. b3 Bf3 26. Bb5 Rd8 27.
Bc4 Rd7 28. Kc2 f5 29. Bd3 e4 30. Ba6+ Kd8 31. Bb5 Rb7 32. a4 f4 33. gxf4 Nxf4
34. Rg1 Ke7 35. Rg8 Nd3 36. Re8+ Kf6 37. Nd5+ Kg7 38. Bc6 Nb4+ 39. Nxb4 Rc7 40.
Kb2 axb4 41. Bxe4 Rc3 42. Bc2 Bc6 43. Rc8 Bxa4 44. Rxc3 bxc3+ 45. Kxc3 Bc6 46.
Kd4 Kf6 47. Bxh7 Kg5 48. Be4 Bd7 49. b4 Kf4 50. Bg2 1-0

[Event "Aut_2. Bundesliga Ost 2005/06"]
[Site "?"]
[Date "2005.11.20"]
[Round "4.6"]
[White "Schirmbeck, Hannes"]
[Black "Chulis, Alexander"]
[Result "0-1"]
[WhiteElo "2120"]
[BlackElo "2157"]
[PlyCount "62"]
[EventDate "2005.10.08"]

1. e4 e5 2. Nf3 Nc6 3. Bc4 Bc5 4. O-O d6 5. c3 Qf6 6. b4 Bb6 7. b5 Na5 8. Be2
Ne7 9. d4 h6 10. dxe5 dxe5 11. c4 Bg4 12. Nbd2 Bc5 13. Bb2 Ng6 14. Bc3 b6 15.
Ne1 Bxe2 16. Qxe2 Nf4 17. Qg4 h5 18. Qf3 Rh6 19. g3 Qg5 20. h4 Ne2+ 21. Kg2 Qg4
22. Bxe5 O-O-O 23. Bxg7 Rg6 24. Be5 Rxd2 25. Qxf7 Qxe4+ 26. Nf3 Bd6 27. Rad1
Bxe5 28. Rxd2 Nf4+ 29. Kh2 Qxf3 30. Rg1 Qg4 31. Rg2 Qh3+ 0-1

[Event "Aut_2. Bundesliga Ost 2005/06"]
[Site "?"]
[Date "2005.11.20"]
[Round "4.6"]
[White "Glaser, Gerhard"]
[Black "Wiedermann, Franz"]
[Result "1/2-1/2"]
[WhiteElo "2029"]
[BlackElo "2098"]
[PlyCount "146"]
[EventDate "2005.10.08"]

1. e4 d5 2. exd5 Qxd5 3. Nc3 Qa5 4. Bc4 c6 5. d4 Nf6 6. Bf4 Bf5 7. Nge2 e6 8.
O-O Be7 9. Ng3 Bg6 10. Qe2 O-O 11. Nce4 Nd5 12. Bd2 Qb6 13. c3 a5 14. f4 f5 15.
Nf2 Bf7 16. Nd3 Nd7 17. Bxd5 cxd5 18. Nxf5 Bf6 19. Ng3 Bg6 20. b3 Rae8 21. Kh1
Bxd3 22. Qxd3 g6 23. Ne2 Bg7 24. Ng1 Nf6 25. Nf3 Ne4 26. Be3 Bh6 27. g3 Rc8 28.
Rac1 Rc7 29. c4 Qa6 30. Ne5 Rfc8 31. c5 Qxd3 32. Nxd3 Rf8 33. Kg2 Ra8 34. a3
Bf8 35. Ra1 a4 36. b4 Nc3 37. Rfe1 Ra6 38. Bf2 Nb5 39. Ne5 Bg7 40. Nf3 Re7 41.
Red1 Ra8 42. Rd3 Rc8 43. Ng1 Rf8 44. Ne2 g5 45. fxg5 e5 46. dxe5 Rxe5 47. Ra2
Rxg5 48. Bd4 Rgf5 49. Bxg7 Rf2+ 50. Kh3 Kxg7 51. Rxd5 R8f7 52. Rd3 Nc7 53. Nc3
Ne6 54. Rxf2 Rxf2 55. Rd7+ Kg6 56. Rd6 Kf7 57. Nxa4 h5 58. Nc3 Rf3 59. Nb5 Rf2
60. Nd4 Ng5+ 61. Kh4 Ne4 62. Kxh5 Rxh2+ 63. Kg4 Nxd6 64. cxd6 Rd2 65. Nb5 Ke6
66. Kf4 Rf2+ 67. Ke4 Rd2 68. g4 Rg2 69. Kf4 b6 70. Kg5 Rg1 71. Kf4 Rg2 72. Kf3
Rg1 73. Kf4 Rg2 1/2-1/2

[Event "Aut_2. Bundesliga Ost 2005/06"]
[Site "Bruck/Leitha"]
[Date "2006.01.14"]
[Round "5.1"]
[White "Tibensky, Robert"]
[Black "Manik, Mikulas"]
[Result "1/2-1/2"]
[WhiteElo "2432"]
[BlackElo "2474"]
[PlyCount "30"]
[EventDate "2005.10.08"]

1. d4 Nf6 2. c4 e6 3. Nf3 d5 4. Nc3 Be7 5. Bg5 h6 6. Bh4 O-O 7. e3 b6 8. Rc1
Bb7 9. Be2 Nbd7 10. O-O c5 11. Bg3 a6 12. a3 Rc8 13. cxd5 Nxd5 14. Nxd5 exd5
15. Bd3 c4 1/2-1/2

[Event "Aut_2. Bundesliga Ost 2005/06"]
[Site "Bruck/Leitha"]
[Date "2006.01.14"]
[Round "5.1"]
[White "Alvir, Aco"]
[Black "Franzen, Jozef"]
[Result "1-0"]
[WhiteElo "2393"]
[BlackElo "2379"]
[PlyCount "73"]
[EventDate "2005.10.08"]

1. e4 e5 2. Nf3 Nc6 3. Bb5 a6 4. Ba4 Nf6 5. O-O Be7 6. Bxc6 dxc6 7. d3 Nd7 8.
b3 O-O 9. Bb2 f6 10. Nc3 Nc5 11. Ne2 Ne6 12. Nd2 Bc5 13. Kh1 Bd4 14. Nxd4 Nxd4
15. f4 exf4 16. Rxf4 c5 17. Qh5 Qe8 18. Qd5+ Ne6 19. Rf2 Bd7 20. Raf1 Bc6 21.
Qf5 Qe7 22. Nc4 b6 23. Ne3 Rad8 24. Qg4 Kh8 25. Nf5 Qd7 26. Qh4 Nd4 27. Bc1 Qe6
28. Nxg7 Kxg7 29. Bh6+ Kh8 30. Bxf8 Rxf8 31. c3 Nb5 32. Rxf6 Rxf6 33. Rxf6 Qe7
34. Qh6 Kg8 35. Rxc6 Nd6 36. h3 a5 37. Qh5 1-0

[Event "Aut_2. Bundesliga Ost 2005/06"]
[Site "Bruck/Leitha"]
[Date "2006.01.14"]
[Round "5.1"]
[White "Brustkern, Juergen"]
[Black "Lipka, Juraj"]
[Result "0-1"]
[WhiteElo "2236"]
[BlackElo "2395"]
[PlyCount "68"]
[EventDate "2005.10.08"]

1. e4 e5 2. Bc4 Nc6 3. d3 Nf6 4. Nf3 Bc5 5. O-O d6 6. c3 a6 7. b4 Ba7 8. a4 O-O
9. Bb3 Ne7 10. Be3 Bxe3 11. fxe3 c6 12. Nbd2 Ng6 13. Nc4 Be6 14. a5 Bxc4 15.
Bxc4 d5 16. exd5 cxd5 17. Bb3 Rc8 18. Rc1 b6 19. axb6 Qxb6 20. d4 Rfe8 21. Kh1
exd4 22. exd4 Re7 23. Qd3 Rec7 24. Ng5 Qb5 25. Qh3 h6 26. Nf3 Ne4 27. Qf5 Ne7
28. Qf4 Rxc3 29. Ne5 Rxc1 30. Rxc1 Rxc1+ 31. Qxc1 Qxb4 32. Qf1 Kh7 33. Nf3 Nf2+
34. Kg1 Nh3+ 0-1

[Event "Aut_2. Bundesliga Ost 2005/06"]
[Site "Bruck/Leitha"]
[Date "2006.01.14"]
[Round "5.1"]
[White "Smolen, Jan"]
[Black "Knoflicek, Ctibor"]
[Result "1-0"]
[WhiteElo "2324"]
[BlackElo "2192"]
[PlyCount "89"]
[EventDate "2005.10.08"]

1. d4 Nf6 2. c4 e6 3. Nc3 Bb4 4. Qc2 c5 5. dxc5 Na6 6. a3 Qa5 7. Bd2 Nxc5 8.
Nf3 d6 9. Rd1 Bxc3 10. Bxc3 Qa4 11. Qxa4+ Nxa4 12. Bxf6 gxf6 13. b3 Nc5 14. Nd2
a5 15. g3 Bd7 16. Bg2 Bc6 17. O-O Ke7 18. e4 Rhc8 19. b4 axb4 20. axb4 Nd3 21.
b5 Bd7 22. e5 Nc5 23. exd6+ Kxd6 24. Ne4+ Ke7 25. Nd6 Rcb8 26. Rfe1 Ra4 27. Be4
Nxe4 28. Rxe4 Be8 29. Red4 b6 30. R4d2 Kf8 31. Kf1 Rd8 32. Ke2 Ra7 33. Ke3 Rad7
34. Ne4 Rxd2 35. Rxd2 Rxd2 36. Kxd2 Ke7 37. Nc3 Kd6 38. Na4 Kc7 39. Kc3 Bd7 40.
Kb4 f5 41. c5 bxc5+ 42. Kxc5 Bxb5 43. Kxb5 Kd6 44. Kc4 Ke5 45. Nc5 1-0

[Event "Aut_2. Bundesliga Ost 2005/06"]
[Site "Bruck/Leitha"]
[Date "2006.01.14"]
[Round "5.1"]
[White "Chulis, Alexander"]
[Black "Kuthan, Andreas"]
[Result "1/2-1/2"]
[WhiteElo "2157"]
[BlackElo "2220"]
[PlyCount "32"]
[EventDate "2005.10.08"]

1. e4 e6 2. d4 d5 3. Bd3 c5 4. c3 Nc6 5. Ne2 cxd4 6. cxd4 Nb4 7. e5 Qb6 8. Nbc3
Nxd3+ 9. Qxd3 Bd7 10. O-O Ne7 11. f4 h5 12. g3 Nf5 13. Be3 Qa6 14. Qxa6 bxa6
15. Bf2 Rb8 16. Rab1 Bb5 1/2-1/2

[Event "Aut_2. Bundesliga Ost 2005/06"]
[Site "Bruck/Leitha"]
[Date "2006.01.14"]
[Round "5.2"]
[White "Varga, Zoltan"]
[Black "Polak, Tomas"]
[Result "1/2-1/2"]
[WhiteElo "2525"]
[BlackElo "2499"]
[PlyCount "27"]
[EventDate "2005.10.08"]

1. e4 c6 2. d4 d5 3. Nd2 dxe4 4. Nxe4 Nd7 5. c3 Ngf6 6. Nxf6+ Nxf6 7. Bc4 Qc7
8. Qf3 Bg4 9. Qg3 Qxg3 10. hxg3 e6 11. Nf3 Bd6 12. Ne5 Bf5 13. f3 Nd7 14. Bf4
1/2-1/2

[Event "Aut_2. Bundesliga Ost 2005/06"]
[Site "Bruck/Leitha"]
[Date "2006.01.14"]
[Round "5.2"]
[White "Vajda, Szidonia"]
[Black "Groetz, Harald"]
[Result "1-0"]
[WhiteElo "2396"]
[BlackElo "2325"]
[PlyCount "125"]
[EventDate "2005.10.08"]

1. e4 c5 2. c3 d5 3. exd5 Qxd5 4. d4 Nf6 5. Nf3 e6 6. Be3 Ng4 7. Bd3 Nxe3 8.
fxe3 Nc6 9. O-O Be7 10. Nbd2 O-O 11. Qe2 Qh5 12. Ne4 b6 13. Ng3 Qh6 14. Be4 Bb7
15. Ne5 Nxe5 16. Bxb7 Rab8 17. Be4 Nd7 18. Bc2 Nf6 19. Rae1 Bd6 20. e4 Bxg3 21.
hxg3 cxd4 22. cxd4 Qh5 23. Qxh5 Nxh5 24. g4 Nf6 25. g5 Nd7 26. Rf3 e5 27. d5 f6
28. gxf6 Rxf6 29. Rc3 a5 30. a3 Kf8 31. b4 axb4 32. axb4 Ra8 33. Bd3 Ke7 34.
Bb5 Ra2 35. Rc7 Rd6 36. Rec1 Kd8 37. Rc8+ Ke7 38. R8c6 Nf6 39. Rc7+ Kf8 40. Rb7
Ra8 41. Rcc7 g5 42. Rg7 Ra1+ 43. Kh2 Ng4+ 44. Kg3 Nh6 45. Rxg5 Ra3+ 46. Kh2 Re3
47. Rxh7 Rf6 48. Rh8+ Ke7 49. Rg7+ Nf7 50. Be8 Rxe4 51. Bxf7 Rxb4 52. Be6+ Kd6
53. Rd7+ Kc5 54. Rc7+ Kd4 55. d6 Rxe6 56. d7 Rd6 57. d8=Q Rxd8 58. Rxd8+ Ke3
59. Rc3+ Ke2 60. Kg3 e4 61. Ra3 b5 62. Rf8 e3 63. Re8 1-0

[Event "Aut_2. Bundesliga Ost 2005/06"]
[Site "Bruck/Leitha"]
[Date "2006.01.14"]
[Round "5.2"]
[White "Hangweyrer, Manfred"]
[Black "Krpelan, Wolfgang"]
[Result "1-0"]
[WhiteElo "2332"]
[BlackElo "2266"]
[PlyCount "99"]
[EventDate "2005.10.08"]

1. e4 Nf6 2. d3 e5 3. f4 Nc6 4. fxe5 Nxe5 5. Nc3 Bb4 6. Nf3 d6 7. Be2 O-O 8.
O-O Nxf3+ 9. Bxf3 h6 10. Qe1 c6 11. Qg3 Kh7 12. Be3 Be6 13. Rf2 d5 14. exd5
cxd5 15. Nb5 a6 16. Nd4 Bd6 17. Bf4 Bxf4 18. Qxf4 Qb6 19. c3 Rae8 20. Raf1 Kg8
21. h3 Bc8 22. Bd1 Qd8 23. Qg3 Kh7 24. Qh4 Rh8 25. Bb3 Be6 26. Ne2 Nd7 27. Qd4
Qb6 28. Qf4 Nc5 29. Bxd5 Bxd5 30. Qf5+ Qg6 31. Qxd5 Nxd3 32. Nf4 Nxf4 33. Rxf4
Re2 34. Rg4 Qb6+ 35. Kh1 Rf2 36. Qd3+ f5 37. Rxg7+ Kxg7 38. Qg3+ Kf7 39. Rxf2
Rd8 40. Kh2 Rd5 41. c4 Rc5 42. b3 Qg6 43. Qf4 Qe6 44. Rd2 Re5 45. Rd8 Kg6 46.
Qg3+ Kh5 47. Rd4 Re4 48. Rd5 b5 49. Qc7 Re2 50. Qf4 1-0

[Event "Aut_2. Bundesliga Ost 2005/06"]
[Site "Bruck/Leitha"]
[Date "2006.01.14"]
[Round "5.2"]
[White "Ranits, Franz"]
[Black "Sadilek, Maximilian"]
[Result "0-1"]
[WhiteElo "2260"]
[BlackElo "2141"]
[PlyCount "132"]
[EventDate "2005.10.08"]

1. e4 b6 2. d4 Bb7 3. Nc3 e6 4. Nf3 d6 5. Bd3 Nd7 6. O-O g6 7. Bg5 Ne7 8. Qd2
h6 9. Be3 Bg7 10. Ne2 f5 11. Ng3 Nf6 12. exf5 Nxf5 13. Nxf5 gxf5 14. Qe2 Ne4
15. Bxe4 fxe4 16. Nd2 Qd7 17. Qg4 e5 18. Qh5+ Qf7 19. Qxf7+ Kxf7 20. c3 exd4
21. Bxd4 Bxd4 22. cxd4 c5 23. Rfe1 Rhe8 24. Nc4 Ke6 25. Rad1 d5 26. Ne3 Rac8
27. Rd2 Rc7 28. Red1 Rec8 29. g4 cxd4 30. Rxd4 Rc1 31. Nf5 Rxd1+ 32. Rxd1 Ke5
33. Nd4 Rg8 34. h3 h5 35. Kf1 hxg4 36. hxg4 Ba6+ 37. Ke1 Rxg4 38. Nc6+ Kd6 39.
Nb4 Rg1+ 40. Kd2 Rxd1+ 41. Kxd1 Bc8 42. Kd2 Kc5 43. Nc2 d4 44. Ne1 Be6 45. a3
Ba2 46. Kc2 Kc4 47. Ng2 a5 48. Nf4 Bb3+ 49. Kd2 Ba4 50. Ne2 Bd7 51. Ng3 e3+ 52.
fxe3 dxe3+ 53. Kxe3 Kb3 54. Ne4 Kxb2 55. Nd6 b5 56. Kd2 a4 57. Kd1 Kxa3 58. Kc2
b4 59. Kb1 b3 60. Nc4+ Kb4 61. Nd2 Bf5+ 62. Ka1 Be6 63. Nb1 a3 64. Nd2 b2+ 65.
Kb1 Bc4 66. Kc2 Bd3+ 0-1

[Event "Aut_2. Bundesliga Ost 2005/06"]
[Site "Bruck/Leitha"]
[Date "2006.01.14"]
[Round "5.3"]
[White "Vyskocil, Neklan"]
[Black "Froeschl, Felix"]
[Result "1-0"]
[WhiteElo "2318"]
[BlackElo "2218"]
[PlyCount "49"]
[EventDate "2005.10.08"]

1. e4 c5 2. Nf3 d6 3. d4 cxd4 4. Nxd4 Nf6 5. Nc3 a6 6. Bc4 e6 7. Bb3 Be7 8. g4
Nc6 9. g5 Nxd4 10. Qxd4 Nh5 11. Rg1 O-O 12. Be3 Qc7 13. O-O-O g6 14. f4 Ng7 15.
Qb6 Qxb6 16. Bxb6 f6 17. gxf6 Rxf6 18. Ne2 Kf8 19. Bc7 Ne8 20. Ba5 Rf7 21. Rdf1
Ng7 22. Nd4 Ke8 23. f5 gxf5 24. exf5 Nxf5 25. Nxe6 1-0